[Event "Game 1170 - Rated game, 20m + 0s"]
[Site "Beginners"]
[Date "2003.03.15"]
[Round "?"]
[White "kmreese"]
[Black "Bedlam"]
[Result "1-0"]
[WhiteElo "1520"]
[BlackElo "1413"]
[Annotator "Black - Resign"]
[PlyCount "40"]
[EventDate "2003.??.??"]

1. e4 Nc6 2. Nf3 g6 3. Bc4 e6 4. e5 Bc5
5. O-O d5 6. exd6 Bxd6 7. Re1 Qf6 8. Nc3 Nge7
9. Ne4 Qf4 10. d4 Qf5 11. Bg5 e5 12. Nh4 Qg4
13. Nf6+ Kf8 14. Nxg4 Bxg4 15. Qxg4 Nxd4 16. Bh6+ Ke8
17. Bg7 h5 18. Qe4 f5 19. Qxb7 Nxc2 20. Qxa8+ Kd7 {Black - Resign} 1-0

[Event "Game 1174 - Rated game, 8m + 0s"]
[Site "Main Playing Hall"]
[Date "2003.03.15"]
[Round "?"]
[White "eliass"]
[Black "kmreese"]
[Result "0-1"]
[WhiteElo "1280"]
[BlackElo "1421"]
[PlyCount "56"]
[EventDate "2003.??.??"]

1. e4 c5 2. Nf3 d6 3. Bb5+ Bd7 4. Bxd7+ Nxd7
5. Nc3 e6 6. d3 Ngf6 7. Bg5 Be7 8. O-O O-O
9. Re1 Rc8 10. a3 Nb6 11. Qd2 d5 12. exd5 Nbxd5
13. Nxd5 Qxd5 14. b4 cxb4 15. axb4 h6 16. Be3 Ng4
17. Bf4 Bf6 18. Rxa7 e5 19. Be3 Rce8 20. Bb6 e4
21. dxe4 Qc6 22. Bc5 Rxe4 23. Bxf8 Rxe1+ 24. Qxe1 Bc3
25. Qe7 Qb6 26. Ra3 Qxf2+ 27. Kh1 Qf1+ 28. Ng1 Nf2# 0-1

[Event "Game 1175 - Rated game, 12m + 2s"]
[Site "Main Playing Hall"]
[Date "2003.03.15"]
[Round "?"]
[White "STC"]
[Black "kmreese"]
[Result "1-0"]
[WhiteElo "1440"]
[BlackElo "1432"]
[PlyCount "23"]
[EventDate "2003.??.??"]

1. e4 c5 2. Nc3 Nf6 3. g3 e6 4. Bg2 Nc6
5. d3 Nd4 6. f4 d5 7. e5 Nd7 8. Nf3 f6
9. O-O fxe5 10. Nxe5 Bd6 11. Qh5+ Ke7 12. Qf7# 1-0

[Event "Game 1176 - Rated game, 20m + 0s"]
[Site "Main Playing Hall"]
[Date "2003.03.16"]
[Round "?"]
[White "axel23"]
[Black "kmreese"]
[Result "1/2-1/2"]
[WhiteElo "1344"]
[BlackElo "1532"]
[Annotator "Stalemate"]
[PlyCount "144"]
[EventDate "2003.??.??"]

1. e4 c5 2. Bc4 Nc6 3. Nc3 e6 4. Nf3 g6
5. d4 cxd4 6. Nxd4 Bg7 7. Nxc6 bxc6 8. Qd3 d5
9. exd5 exd5 10. Bb3 Nf6 11. f3 O-O 12. O-O Bf5
13. Qe2 d4 14. Ne4 Re8 15. Bg5 h6 16. Bxf6 Bxf6
17. Nxf6+ Qxf6 18. Qc4 Be6 19. Qxc6 d3 20. Bxe6 fxe6
21. cxd3 Qd4+ 22. Kh1 Rac8 23. Qe4 Qxb2 24. Qxg6+ Kf8
25. Qxh6+ Kg8 26. Rae1 Qxa2 27. f4 Rc2 28. Qg5+ Kf8
29. Rg1 a5 30. f5 Rc5 31. Ref1 Re7 32. Qf6+ Rf7
33. Qh6+ Ke7 34. fxe6 Rxf1 35. Rxf1 Qxe6 36. Qxe6+ Kxe6
37. Re1+ Kd5 38. Kg1 a4 39. Ra1 Ra5 40. Kf2 Kd4
41. g4 a3 42. g5 Kc3 43. g6 Kb2 44. g7 a2
45. Rxa2+ Rxa2 46. g8=Q Kc3+ 47. Ke3 Ra3 48. Qc8+ Kb2
49. Kd2 Kb3 50. Qc3+ Ka4 51. Qc2+ Rb3 52. d4 Ka3
53. Qc5+ Ka2 54. d5 Rb2+ 55. Kc3 Rxh2 56. Qa5+ Kb1
57. d6 Rc2+ 58. Kb3 Rb2+ 59. Kc4 Rc2+ 60. Qc3 Rxc3+
61. Kxc3 Ka2 62. d7 Ka3 63. d8=Q Ka4 64. Qb8 Ka5
65. Kb3 Ka6 66. Qd6+ Ka5 67. Qb4+ Ka6 68. Ka4 Ka7
69. Ka5 Ka8 70. Qe4+ Kb8 71. Ka6 Kc7 72. Qc6+ Kxc6 {Stalemate} 1/2-1/2

[Event "Game 1177 - Rated game, 30m + 0s"]
[Site "Main Playing Hall"]
[Date "2003.03.17"]
[Round "?"]
[White "kmreese"]
[Black "Engels"]
[Result "1-0"]
[WhiteElo "1523"]
[BlackElo "1482"]
[Annotator "Black - Resign"]
[PlyCount "38"]
[EventDate "2003.??.??"]

1. e4 e6 2. d4 d5 3. e5 c5 4. Nf3 Nc6
5. Bb5 Bd7 6. a4 a6 7. Nc3 cxd4 8. Bxc6 Bxc6
9. Nxd4 Bc5 10. Nxc6 bxc6 11. a5 Qh4 12. g3 Qh3
13. Rf1 Qxh2 14. b4 Bxf2+ 15. Rxf2 Qg1+ 16. Rf1 Qxg3+
17. Kd2 Qg5+ 18. Kd3 Qf5+ 19. Rxf5 exf5 { Black - Resign} 1-0

[Event "Game 1178 - Rated game, 15m + 15s"]
[Site "Main Playing Hall"]
[Date "2003.03.17"]
[Round "?"]
[White "cytokine"]
[Black "kmreese"]
[Result "0-1"]
[WhiteElo "1444"]
[BlackElo "1539"]
[PlyCount "50"]
[EventDate "2003.??.??"]

1. e4 c5 2. Nf3 d6 3. Bc4 e6 4. Nc3 Bd7
5. d3 g6 6. Ng5 Nh6 7. O-O Bg7 8. Be3 Nc6
9. a3 Ne5 10. f4 Neg4 11. Qe2 d5 12. exd5 Nf5
13. dxe6 Nfxe3 14. Nxf7 Qh4 15. h3 O-O 16. Rf3 Rae8
17. Rxe3 Bd4 18. hxg4 Bxe6 19. Ne4 Bxc4 20. Nfd6 Be6
21. f5 gxf5 22. Nxe8 f4 23. N8f6+ Kh8 24. Kf1 fxe3
25. c3 Qh1# 0-1

[Event "Game 1179 - Rated game, 8m + 2s"]
[Site "Main Playing Hall"]
[Date "2003.03.17"]
[Round "?"]
[White "kmreese"]
[Black "billy2"]
[Result "0-1"]
[WhiteElo "1414"]
[BlackElo "1396"]
[Annotator "White - Resign"]
[PlyCount "52"]
[EventDate "2003.??.??"]

1. e4 e6 2. d4 d5 3. e5 c5 4. Nf3 Nc6
5. Be3 h6 6. Nc3 cxd4 7. Bxd4 Nxd4 8. Qxd4 b6
9. O-O-O Bc5 10. Qa4+ Bd7 11. Qb3 Ne7 12. Nb5 O-O
13. Nd6 Ng6 14. Nb7 Qc7 15. Nxc5 Qxc5 16. Nd4 Nxe5
17. Bb5 Bxb5 18. Nxb5 Qxf2 19. Nc7 Rac8 20. Nb5 Ra8
21. Rhf1 Qxg2 22. Nc7 Rac8 23. Nxe6 fxe6 24. Rxf8+ Rxf8
25. Rd2 Rf1+ 26. Rd1 Qg5+ {White - Resign} 0-1

[Event "Game 1183 - Rated game, 30m + 0s"]
[Site "Beginners"]
[Date "2003.03.18"]
[Round "?"]
[White "kmreese"]
[Black "kadde"]
[Result "1-0"]
[WhiteElo "1573"]
[BlackElo "1417"]
[PlyCount "43"]
[EventDate "2003.??.??"]

1. e4 e5 2. f4 Nc6 3. Bc4 f6 4. d3 Nge7
5. Nf3 d6 6. f5 a6 7. O-O Rg8 8. Nc3 Rh8
9. d4 g6 10. h3 gxf5 11. exf5 Nxf5 12. Nd5 b5
13. Nxf6+ Qxf6 14. dxe5 Nxe5 15. Nxe5 Qxe5 16. Re1 bxc4
17. Rxe5+ dxe5 18. Qh5+ Kd8 19. Bg5+ Be7 20. Rd1+ Bd7
21. Qf7 Bxg5 22. Qxd7# 1-0

[Event "Game 1184 - Rated game, 30m + 0s"]
[Site "Beginners"]
[Date "2003.03.18"]
[Round "?"]
[White "kadde"]
[Black "kmreese"]
[Result "1/2-1/2"]
[WhiteElo "1406"]
[BlackElo "1584"]
[Annotator "Black - Accepted Draw"]
[PlyCount "96"]
[EventDate "2003.??.??"]

1. e4 e5 2. Nf3 d6 3. Bc4 Nc6 4. d3 f6
5. O-O Be7 6. Bxg8 Rxg8 7. c4 Bg4 8. h3 Bxf3
9. Qxf3 Nd4 10. Qd1 f5 11. Re1 f4 12. f3 Bh4
13. Rf1 Qg5 14. Nc3 c6 15. b4 O-O-O 16. b5 cxb5
17. cxb5 d5 18. exd5 Nf5 19. Qb3 Ne3 20. Bxe3 fxe3
21. Rac1 Rdf8 22. Ne4+ Kb8 23. Nxg5 Bxg5 24. Rfe1 e2
25. Rc2 Be3+ 26. Kh1 Rf4 27. Rexe2 Bd4 28. d6 Rgf8
29. d7 a5 30. Qc4 Ka7 31. Qd5 Bb6 32. Rxe5 Rd4
33. Qb3 Rxd7 34. Rc4 Rfd8 35. Qc3 Rxd3 36. Qc2 Rd1+
37. Kh2 Bg1+ 38. Kg3 R8d2 39. Qxh7 Bf2+ 40. Kg4 Rg1
41. Re6 Rxg2+ 42. Kf4 Bg3+ 43. Ke4 Rge2+ 44. Kf5 Rd5+
45. Kg6 Rxe6+ 46. Kxg7 Rd7+ 47. Kg8 Rxh7 48. Kxh7 Re2 {Black - Accepted  
Draw} 1/2-1/2

[Event "Game 1185 - Rated game, 20m + 0s"]
[Site "Main Playing Hall"]
[Date "2003.03.19"]
[Round "?"]
[White "kmreese"]
[Black "("]
[Result "1-0"]
[WhiteElo "1575"]
[BlackElo "1381"]
[PlyCount "49"]
[EventDate "2003.??.??"]

1. e4 e5 2. Nf3 d5 3. Nc3 d4 4. Nd5 Bg4
5. c3 dxc3 6. bxc3 c6 7. Ne3 Bxf3 8. Qxf3 Qb6
9. Bc4 Nf6 10. Ng4 h5 11. Nxf6+ gxf6 12. Qxf6 Rh7
13. Qxe5+ Be7 14. Ba3 c5 15. d4 Nd7 16. Qf5 Bh4
17. O-O Nf6 18. dxc5 Qa5 19. Qe5+ Kf8 20. Bc1 Re8
21. Qd6+ Re7 22. g3 Nxe4 23. Bh6+ Kg8 24. Qb8+ Re8
25. Qxe8# 1-0

[Event "Game 1190 - Rated game, 15m + 0s"]
[Site "Main Playing Hall"]
[Date "2003.03.20"]
[Round "?"]
[White "kmreese"]
[Black "fercsus"]
[Result "1-0"]
[WhiteElo "1395"]
[BlackElo "1445"]
[Annotator "Black - Time"]
[PlyCount "125"]
[EventDate "2003.??.??"]

1. e4 c5 2. Nf3 Nc6 3. Bc4 e6 4. e5 d5
5. Bb5 Bd7 6. Nc3 a6 7. Bxc6 Bxc6 8. O-O g6
9. d4 cxd4 10. Nxd4 Bd7 11. Bd2 Bg7 12. f4 Ne7
13. Nf3 O-O 14. Ng5 h6 15. Nf3 Nf5 16. Ne2 Bb5
17. g4 Qb6+ 18. Kh1 Ne3 19. Bxe3 Qxe3 20. Ned4 Qxf4
21. Rg1 Bxe5 22. c3 Bxd4 23. Nxd4 Qe4+ 24. Rg2 Bd7
25. Qb3 b5 26. Ne2 Rfc8 27. Re1 Qc4 28. Qd1 Bc6
29. b3 Qc5 30. Nf4 Qd6 31. Rf1 d4 32. Rff2 Bxg2+
33. Nxg2 Rxc3 34. Qf1 Rac8 35. Rxf7 Rc1 36. Ne1 Qd5+
37. Kg1 d3 38. Qh3 Rxe1+ 39. Rf1 Qd4+ 40. Kg2 Qe4+
41. Rf3 Re2+ 42. Kg3 Qe5+ 43. Kh4 Rxh2 44. Qxh2 Qxh2+
45. Rh3 Qxh3+ 46. Kxh3 d2 47. Kg3 d1=Q 48. b4 Rc3+
49. Kf4 g5+ 50. Ke5 Qxg4 51. a4 Re3+ 52. Kd6 Qd4+
53. Kc6 Rc3+ 54. Kb7 Qd7+ 55. Kb6 Qc7+ 56. Kxa6 Qc8+
57. Ka5 Qa8+ 58. Kxb5 Rc8 59. a5 Qb7+ 60. Ka4 Qc6+
61. Kb3 Qc3+ 62. Ka4 Qc2+ 63. Kb5 { Black - Time} 1-0

[Event "Game 1193 - Rated game, 1m + 0s"]
[Site "Main Playing Hall"]
[Date "2003.03.21"]
[Round "?"]
[White "IRONPAWNUSA2003"]
[Black "kmreese"]
[Result "0-1"]
[WhiteElo "1434"]
[BlackElo "1364"]
[Annotator "White - Time"]
[PlyCount "44"]
[EventDate "2003.??.??"]

1. d4 d5 2. c4 dxc4 3. e4 Nc6 4. Nf3 Bg4
5. h3 Nf6 6. hxg4 Nxg4 7. Bxc4 e6 8. Ne5 Ncxe5
9. dxe5 Nxe5 10. Qxd8+ Rxd8 11. Bb5+ c6 12. Ba4 Bb4+
13. Nc3 O-O 14. Bd2 a5 15. O-O Nd3 16. a3 f5
17. axb4 fxe4 18. Nxe4 axb4 19. Bxb4 Nxb4 20. Nc5 Nd5
21. Nxe6 Nf4 22. Nxf8 Rxf8 {White - Time} 0-1

[Event "Game 1194 - Rated game, 15m + 0s"]
[Site "Main Playing Hall"]
[Date "2003.03.21"]
[Round "?"]
[White "MUHAMMAD ALI"]
[Black "kmreese"]
[Result "1-0"]
[WhiteElo "1319"]
[BlackElo "1416"]
[PlyCount "51"]
[EventDate "2003.??.??"]

1. d4 Nf6 2. Nf3 d5 3. c3 Nc6 4. Nbd2 Bf5
5. c4 e6 6. Qa4 Ne4 7. cxd5 exd5 8. Ne5 Qh4
9. g3 Qf6 10. Bg2 O-O-O 11. Nxc6 bxc6 12. Qxa7 Bb4
13. O-O Nxd2 14. Bxd2 Bxd2 15. Rfd1 Bb4 16. a3 Bd6
17. b4 Rhe8 18. e3 Bg4 19. Rdb1 h5 20. a4 h4
21. b5 h3 22. Bf1 c5 23. Qa6+ Kb8 24. b6 c6
25. Qa7+ Kc8 26. Ba6# 1-0

[Event "Game 1195 - Rated game, 10m + 5s"]
[Site "Main Playing Hall"]
[Date "2003.03.21"]
[Round "?"]
[White "kmreese"]
[Black "lillopavia"]
[Result "1-0"]
[WhiteElo "1393"]
[BlackElo "1228"]
[Annotator "Black - Resign"]
[PlyCount "113"]
[EventDate "2003.??.??"]

1. e4 c5 2. Nf3 Nc6 3. Bc4 e6 4. e5 d5
5. exd6 Bxd6 6. c3 Nf6 7. d3 Qe7 8. O-O O-O
9. Bg5 h6 10. Bxf6 Qxf6 11. Nbd2 Qf4 12. g3 Qf6
13. Ne4 Qe7 14. Nh4 g5 15. Nf3 a6 16. d4 b5
17. Nxd6 bxc4 18. Nxc8 Raxc8 19. d5 Rcd8 20. Re1 Qf6
21. Qa4 Rde8 22. dxc6 Qxf3 23. Qxa6 Ra8 24. Qxc4 Qxc6
25. Rad1 Qa6 26. Qxc5 Qxa2 27. b4 Rac8 28. Qb5 Rxc3
29. Qb7 Rc2 30. Ra1 Qb2 31. Reb1 Qd4 32. Rf1 e5
33. Ra8 Rxa8 34. Qxa8+ Kg7 35. b5 e4 36. Qe8 Qc5
37. Qxe4 Qxb5 38. Qd4+ f6 39. Qa7+ Kg6 40. h4 gxh4
41. Qe3 h3 42. Qe4+ Qf5 43. Qe8+ Kg5 44. Qg8+ Kh5
45. f3 Qg6 46. g4+ Kg5 47. f4+ Kh4 48. Qxg6 Rg2+
49. Kh1 Rxg4 50. Qxh6+ Kg3 51. Rg1+ Kf3 52. Qxh3+ Kxf4
53. Qxg4+ Ke5 54. Qg5+ f5 55. Rf1 Ke4 56. Qxf5+ Ke3
57. Qf4+ { Black - Resign} 1-0

[Event "Game 1196 - Rated game, 30m + 0s"]
[Site "Main Playing Hall"]
[Date "2003.03.21"]
[Round "?"]
[White "kmreese"]
[Black "RIFF"]
[Result "0-1"]
[WhiteElo "1652"]
[BlackElo "1452"]
[PlyCount "74"]
[EventDate "2003.??.??"]

1. e4 e5 2. Nf3 c5 3. Nxe5 Qc7 4. f4 Nc6
5. Bc4 Nxe5 6. fxe5 Qxe5 7. O-O Bd6 8. Bxf7+ Kd8
9. g3 Qxe4 10. Re1 Qd4+ 11. Kh1 Nf6 12. d3 Rf8
13. Be3 Qxb2 14. Bf4 Bxf4 15. gxf4 Qxa1 16. Bc4 Rb8
17. Qe2 b6 18. Qe7+ Kc7 19. Qxg7 Bb7+ 20. Kg1 Qd4+
21. Kf1 Qxf4+ 22. Kg1 Qd4+ 23. Kf1 Nh5+ 24. Qxf8 Rxf8+
25. Ke2 Nf4+ 26. Kd2 Qf2+ 27. Kd1 Bf3+ 28. Kc1 Qxe1+
29. Kb2 b5 30. Bxb5 Rb8 31. a4 a6 32. Nc3 axb5
33. axb5 Nd5 34. b6+ Rxb6+ 35. Ka3 Qa1+ 36. Na2 Ra6+
37. Kb3 Qxa2# 0-1

[Event "Game 1197 - Rated game, 30m + 0s"]
[Site "Main Playing Hall"]
[Date "2003.03.21"]
[Round "?"]
[White "RIFF"]
[Black "kmreese"]
[Result "1-0"]
[WhiteElo "1479"]
[BlackElo "1625"]
[Annotator "Black - Resign"]
[PlyCount "55"]
[EventDate "2003.??.??"]

1. d4 Nf6 2. Nf3 g6 3. Nc3 Bg7 4. e4 Nc6
5. Bg5 d6 6. Bc4 e6 7. Qe2 O-O 8. O-O-O h6
9. Be3 Ng4 10. h4 f5 11. exf5 Rxf5 12. Bd3 e5
13. Bxf5 Bxf5 14. dxe5 Ncxe5 15. Nxe5 Bxe5 16. f3 Nf6
17. g4 Be6 18. Bxh6 Nd5 19. Nxd5 Bxd5 20. Rxd5 Bxb2+
21. Kxb2 Qf6+ 22. Kb1 Qh8 23. Qe6+ Kh7 24. g5 Rg8
25. f4 c6 26. Rxd6 b5 27. Rhd1 Re8 28. Qf7+ {Black - Resign} 1-0

[Event "Game 1198 - Rated game, 1m + 0s"]
[Site "Main Playing Hall"]
[Date "2003.03.22"]
[Round "?"]
[White "kmreese"]
[Black "Cuadrado"]
[Result "1-0"]
[WhiteElo "1386"]
[BlackElo "1433"]
[Annotator "Black - Time"]
[PlyCount "37"]
[EventDate "2003.??.??"]

1. e4 c5 2. f4 Nc6 3. Nf3 Nf6 4. d3 d6
5. e5 dxe5 6. fxe5 Ng4 7. Ng5 Ngxe5 8. d4 Nxd4
9. Nc3 Ndc6 10. Qxd8+ Nxd8 11. Nd5 Ne6 12. Nxe6 fxe6
13. Nc7+ Kd8 14. Nxa8 Bd7 15. Be2 Kc8 16. O-O Kb8
17. Nc7 Kxc7 18. Bf4 Kd6 19. Rad1+ { Black - Time} 1-0

[Event "Game 1199 - Rated game, 1m + 2s"]
[Site "Main Playing Hall"]
[Date "2003.03.22"]
[Round "?"]
[White "heinz123"]
[Black "kmreese"]
[Result "1-0"]
[WhiteElo "1511"]
[BlackElo "1406"]
[Annotator "Black - Time"]
[PlyCount "37"]
[EventDate "2003.??.??"]

1. d4 d5 2. c4 Nf6 3. cxd5 Nxd5 4. Nf3 Bf5
5. e3 e6 6. Bd3 Be7 7. Bxf5 exf5 8. O-O O-O
9. Qc2 Na6 10. Nc3 Ndb4 11. Qb3 c5 12. dxc5 Rc8
13. Rd1 b6 14. Rxd8 Rcxd8 15. cxb6 axb6 16. a3 f4
17. axb4 Nxb4 18. exf4 Nd3 19. Be3 {Black - Time} 1-0

[Event "Game 1200 - Rated game, 1m + 0s"]
[Site "Main Playing Hall"]
[Date "2003.03.22"]
[Round "?"]
[White "kmreese"]
[Black "Schwarzspieler"]
[Result "1-0"]
[WhiteElo "1394"]
[BlackElo "1235"]
[Annotator "Black - Time"]
[PlyCount "31"]
[EventDate "2003.??.??"]

1. e4 e5 2. Nf3 f5 3. exf5 e4 4. Nd4 Nf6
5. Bc4 Qe7 6. O-O d5 7. Bb5+ c6 8. Nxc6 bxc6
9. Ba4 Bxf5 10. d3 Qb4 11. Nc3 d4 12. a3 Qa5
13. b4 Qa6 14. dxe4 dxc3 15. exf5 Qxa4 16. Re1+ {Black - Time} 1-0

[Event "Game 1201 - Rated game, 1m + 0s"]
[Site "Main Playing Hall"]
[Date "2003.03.22"]
[Round "?"]
[White "Schwarzspieler"]
[Black "kmreese"]
[Result "1-0"]
[WhiteElo "1225"]
[BlackElo "1404"]
[Annotator "Black - Time"]
[PlyCount "49"]
[EventDate "2003.??.??"]

1. e4 e5 2. Nf3 Nc6 3. Bb5 Nf6 4. O-O Nxe4
5. Re1 d5 6. Bxc6+ bxc6 7. Nxe5 Nxf2 8. Nxc6+ Be7
9. Kxf2 Qd6 10. Nxe7 Qf4+ 11. Qf3 Qd4+ 12. Qe3 Qxe3+
13. Rxe3 Kd7 14. Nf5 Re8 15. Rxe8 Kxe8 16. Nxg7+ Kd7
17. Nh5 Ba6 18. d3 Re8 19. Nc3 Kc6 20. Bg5 d4
21. Ne4 f6 22. Re1 Rxe4 23. Rxe4 fxg5 24. Re6+ Kd5
25. Rxa6 { Black - Time} 1-0

[Event "Game 1202 - Rated game, 1m + 2s"]
[Site "Main Playing Hall"]
[Date "2003.03.22"]
[Round "?"]
[White "heinze"]
[Black "kmreese"]
[Result "1-0"]
[WhiteElo "1218"]
[BlackElo "1377"]
[Annotator "Black - Time"]
[PlyCount "39"]
[EventDate "2003.??.??"]

1. f4 d5 2. Nf3 Nc6 3. e3 Bf5 4. d4 e6
5. Be2 Qf6 6. O-O e5 7. dxe5 Qg6 8. Qxd5 Rd8
9. Qc4 Nge7 10. Nc3 a6 11. e4 Be6 12. Qa4 b5
13. Qxa6 f5 14. Bxb5 Kf7 15. Bxc6 Nxc6 16. Qxc6 fxe4
17. Nxe4 Bd5 18. Qxc7+ Be7 19. Neg5+ Kg8 20. Qxe7 { Black - Time} 1-0

[Event "Game 1203 - Rated game, 1m + 2s"]
[Site "Main Playing Hall"]
[Date "2003.03.22"]
[Round "?"]
[White "kmreese"]
[Black "heinze"]
[Result "1-0"]
[WhiteElo "1352"]
[BlackElo "1244"]
[Annotator "Black - Time"]
[PlyCount "37"]
[EventDate "2003.??.??"]

1. e4 c5 2. f4 Nc6 3. Nc3 d6 4. e5 dxe5
5. Nb5 a6 6. Nc3 exf4 7. d4 Nxd4 8. Ne4 Bf5
9. Bd3 Qb6 10. Bxf4 Qxb2 11. Nd6+ exd6 12. Qe2+ Be7
13. Qd1 Bxd3 14. cxd3 Nc2+ 15. Kf1 Nxa1 16. Ne2 Qxa2
17. Nc3 Qb2 18. Qe1 Nc2 19. Nd5 {Black - Time} 1-0

[Event "Game 1204 - Rated game, 1m + 2s"]
[Site "Main Playing Hall"]
[Date "2003.03.22"]
[Round "?"]
[White "heinze"]
[Black "kmreese"]
[Result "1-0"]
[WhiteElo "1231"]
[BlackElo "1364"]
[PlyCount "39"]
[EventDate "2003.??.??"]

1. f4 d5 2. Nf3 Nf6 3. e3 Bf5 4. d4 e5
5. Nxe5 Ng4 6. Nxg4 Bb4+ 7. c3 Ba5 8. Ne5 Qh4+
9. g3 Qh6 10. b4 Bb6 11. a4 Nd7 12. Nxd7 Kxd7
13. a5 Rhe8 14. axb6 cxb6 15. Bd2 Rac8 16. Rxa7 Kc7
17. Qa4 Rcd8 18. Na3 g5 19. Nb5+ Kb8 20. Ra8# 1-0

[Event "Game 1205 - Rated game, 10m + 0s"]
[Site "Main Playing Hall"]
[Date "2003.03.22"]
[Round "?"]
[White "kmreese"]
[Black "buridanus"]
[Result "1-0"]
[WhiteElo "1403"]
[BlackElo "1480"]
[Annotator "Black - Resign"]
[PlyCount "21"]
[EventDate "2003.??.??"]

1. e4 e5 2. Nf3 f5 3. exf5 e4 4. Nd4 Nf6
5. Bc4 d5 6. Bb3 Bc5 7. O-O Bxd4 8. d3 Kf8
9. c3 Bb6 10. dxe4 dxe4 11. Qxd8+ {Black - Resign} 1-0

[Event "Game 1206 - Rated game, 5m + 0s"]
[Site "Beginners"]
[Date "2003.03.22"]
[Round "?"]
[White "mellors"]
[Black "kmreese"]
[Result "0-1"]
[WhiteElo "1126"]
[BlackElo "1425"]
[PlyCount "54"]
[EventDate "2003.??.??"]

1. e4 c5 2. Nf3 f6 3. d4 d6 4. Nc3 Nc6
5. Bc4 g6 6. O-O Bg7 7. e5 fxe5 8. d5 Na5
9. Bb5+ Bd7 10. Ng5 Nf6 11. Bxd7+ Qxd7 12. Qd3 c4
13. Qe3 Ng4 14. Qf3 Rf8 15. Qh3 h5 16. Nh7 Rh8
17. Ng5 O-O-O 18. a3 Bf6 19. Nf7 Rhf8 20. Nxe5 Bxe5
21. g3 Rxf2 22. Rxf2 Nxf2 23. Kxf2 Qxh3 24. Nb5 Qxh2+
25. Kf3 Rf8+ 26. Ke4 Qe2+ 27. Be3 Qf3# 0-1

[Event "Game 1209 - Rated game, 1m + 0s"]
[Site "Main Playing Hall"]
[Date "2003.03.22"]
[Round "?"]
[White "kmreese"]
[Black "karlo"]
[Result "0-1"]
[WhiteElo "1361"]
[BlackElo "1555"]
[Annotator "White - Time"]
[PlyCount "26"]
[EventDate "2003.??.??"]

1. e4 d6 2. d4 Nf6 3. Nf3 Nxe4 4. Bd3 Nf6
5. O-O g6 6. Re1 Bg7 7. Bf4 O-O 8. Nc3 c5
9. d5 a6 10. b3 b5 11. Re2 Bg4 12. Be4 Nxe4
13. Ng5 Nxg5 {White - Time} 0-1

[Event "Game 1210 - Rated game, 5m + 0s"]
[Site "Main Playing Hall"]
[Date "2003.03.22"]
[Round "?"]
[White "olive"]
[Black "kmreese"]
[Result "0-1"]
[WhiteElo "1231"]
[BlackElo "1430"]
[Annotator "White - Time"]
[PlyCount "82"]
[EventDate "2003.??.??"]

1. c4 e5 2. Nf3 Bd6 3. Nc3 Nf6 4. d4 exd4
5. Nxd4 O-O 6. Bg5 Bc5 7. e3 d5 8. cxd5 Re8
9. Bc4 Nbd7 10. f4 Nb6 11. Bb5 c6 12. dxc6 Rxe3+
13. Nde2 Qe8 14. cxb7 Rxe2+ 15. Nxe2 Bb4+ 16. Kf2 Bxb7
17. Kg1 Bc5+ 18. Nd4 Qe3+ 19. Kf1 Bxd4 20. Qe2 Bxg2+
21. Kxg2 Qxe2+ 22. Kg3 Qf2+ 23. Kh3 Ne4 24. Rag1 Nd5
25. Bf1 Qf3+ 26. Rg3 Qh5+ 27. Kg2 Ne3+ 28. Kg1 Nf5+
29. Kg2 Nfxg3 30. hxg3 Qg4 31. Bd3 Nxg5 32. Rh4 Qe6
33. fxg5 Qxa2 34. Bxh7+ Kf8 35. Be4 Qxb2+ 36. Kh3 Re8
37. Rh8+ Ke7 38. Rh7 Bg1 39. Kg4 Qe2+ 40. Bf3 f5+
41. Kxf5 Qxf3+ {White - Time} 0-1

[Event "Game 1211 - Friendly Game, 3m + 0s"]
[Site "Main Playing Hall"]
[Date "2003.03.22"]
[Round "?"]
[White "kmreese"]
[Black "SingaporeAsia"]
[Result "1-0"]
[WhiteElo "1439"]
[BlackElo "1354"]
[Annotator "Black - Time"]
[PlyCount "46"]
[EventDate "2003.??.??"]

1. e4 e5 2. Nf3 Nc6 3. Bc4 Bc5 4. O-O Nf6
5. d3 O-O 6. Ng5 d5 7. exd5 Nxd5 8. Nc3 Be6
9. Nxd5 Bxd5 10. b3 Bxc4 11. bxc4 f6 12. Nxh7 Kxh7
13. Qh5+ Kg8 14. Rd1 Bxf2+ 15. Kxf2 Qd4+ 16. Be3 Qxa1
17. Rxa1 Rfd8 18. Qg4 Kf8 19. Bc5+ Ne7 20. Qh5 b6
21. Qh8+ Kf7 22. Qh5+ Kg8 23. Bxe7 Rd7 {Black - Time} 1-0

[Event "Game 1212 - Friendly Game, 3m + 0s"]
[Site "Main Playing Hall"]
[Date "2003.03.22"]
[Round "?"]
[White "SingaporeAsia"]
[Black "kmreese"]
[Result "0-1"]
[WhiteElo "1354"]
[BlackElo "1439"]
[Annotator "White - Time"]
[PlyCount "36"]
[EventDate "2003.??.??"]

1. e4 c5 2. Bc4 e6 3. Qf3 Nf6 4. Nc3 Bd6
5. Nh3 h6 6. d3 O-O 7. Bf4 e5 8. Be3 Nc6
9. Qg3 Nh5 10. Qg4 g6 11. Bxh6 Nd4 12. Kd2 Re8
13. Nb5 Nxb5 14. Bxb5 c4 15. Bxc4 Bb4+ 16. c3 d5
17. Qg5 Qa5 18. Bxd5 Be6 {White - Time} 0-1

[Event "Game 1213 - Friendly Game, 3m + 0s"]
[Site "Main Playing Hall"]
[Date "2003.03.22"]
[Round "?"]
[White "kmreese"]
[Black "SingaporeAsia"]
[Result "0-1"]
[WhiteElo "1439"]
[BlackElo "1354"]
[Annotator "White - Time"]
[PlyCount "48"]
[EventDate "2003.??.??"]

1. e4 e5 2. Bc4 Nf6 3. d3 Bc5 4. Nf3 d6
5. Ng5 Be6 6. Bxe6 fxe6 7. Nxe6 Qe7 8. Nxc5 dxc5
9. Bg5 h6 10. Be3 O-O 11. Nc3 Ng4 12. Qxg4 Qf6
13. O-O-O b6 14. Nd5 Qf7 15. Bxh6 c6 16. Ne3 Nd7
17. Rhf1 Kh7 18. Nf5 gxh6 19. f4 Rg8 20. Qh4 Rg6
21. fxe5 Nxe5 22. Nxh6 Rxh6 23. Rxf7+ Nxf7 24. Qe7 Kg7 {White - Time} 0-1

[Event "Game 1214 - Friendly Game, 3m + 0s"]
[Site "Main Playing Hall"]
[Date "2003.03.22"]
[Round "?"]
[White "SingaporeAsia"]
[Black "kmreese"]
[Result "0-1"]
[WhiteElo "1354"]
[BlackElo "1439"]
[Annotator "White - Time"]
[PlyCount "50"]
[EventDate "2003.??.??"]

1. e4 Nc6 2. Qf3 e5 3. Bc4 Nf6 4. d3 Nd4
5. Qg3 Nxc2+ 6. Kd2 Nxa1 7. Qxe5+ Be7 8. b3 d6
9. Qxa1 d5 10. exd5 Bb4+ 11. Kd1 Bg4+ 12. Nf3 Nxd5
13. Re1+ Be6 14. Qxg7 Nc3+ 15. Nxc3 Rf8 16. Bxe6 Qxd3+
17. Bd2 Bxc3 18. Bc4+ Kd7 19. Qxc3 Qb1+ 20. Ke2 Rae8+
21. Kf1 Qxa2 22. Qd4+ Kc8 23. Ne5 Rd8 24. Qg4+ f5
25. Qg7 Qxd2 { White - Time} 0-1

[Event "Game 1215 - Friendly Game, 3m + 0s"]
[Site "Main Playing Hall"]
[Date "2003.03.22"]
[Round "?"]
[White "kmreese"]
[Black "SingaporeAsia"]
[Result "0-1"]
[WhiteElo "1439"]
[BlackElo "1354"]
[Annotator "White - Time"]
[PlyCount "48"]
[EventDate "2003.??.??"]

1. d4 e6 2. e4 d5 3. e5 f6 4. Nf3 Nc6
5. Bb5 a6 6. exf6 gxf6 7. Bxc6+ bxc6 8. Nh4 Bd7
9. O-O Qe7 10. f4 Rb8 11. Qh5+ Kd8 12. Ng6 Qf7
13. f5 Bg7 14. fxe6 Qxg6 15. e7+ Nxe7 16. Qe2 Bg4
17. Qxa6 Rc8 18. Bf4 Qxc2 19. Nd2 Re8 20. Rac1 Qf5
21. h3 Bxh3 22. gxh3 Qxh3 23. Nf3 f5 24. Rc3 Bxd4+ {White - Time} 0-1